[Event "Bayern-chI Bank Hofmann 24th"]
[Site "Tegernsee"]
[Date "2021.10.30"]
[Round "1"]
[White "Engel, Johannes"]
[Black "Mastrovasilis, Athanasios"]
[Result "0-1"]
[WhiteElo "2121"]
[BlackElo "2523"]
[PlyCount "60"]
[EventDate "2021.10.30"]
[EventType "swiss"]
[EventRounds "9"]
[EventCountry "GER"]
[SourceTitle "CBM 205 Extra"]
[Source "ChessBase"]
[SourceDate "2022.01.31"]
[SourceVersion "1"]
[SourceVersionDate "2022.01.31"]
[SourceQuality "1"]

1. e4 Nc6 2. d4 d6 3. Bc4 Nf6 4. Nc3 g6 5. f3 Bg7 6. Nge2 0-0 7. Be3 a6 8. Qd2 b5 9. Bb3 Na5 10. g4 e5 11. dxe5 Nd7 12. f4 dxe5 13. f5 Qh4+ 14. Bf2 Qxg4 15. Rg1 Qh5 16. 0-0-0 Nxb3+ 17. axb3 Nf6 18. Ng3 Qh3 19. Nd5 Bb7 20. Be3 Bxd5 21. exd5 Rad8 22. c4 bxc4 23. bxc4 Rb8 24. Qc2 Rb7 25. Rd3 Rfb8 26. Rg2 e4 27. Rc3 Ng4 28. Qxe4 Bxc3 29. fxg6 hxg6 30. bxc3 Qxg2 0-1

[Event "Oberliga Ost-B 1112"]
[Site "Germany"]
[Date "2012.04.15"]
[Round "11.7"]
[White "Engel, Johannes"]
[Black "Dubois de Luchet, Erich"]
[Result "1-0"]
[WhiteElo "2203"]
[BlackElo "2006"]
[PlyCount "63"]
[EventDate "2011.10.02"]
[EventType "team-tourn"]
[EventRounds "11"]
[EventCountry "GER"]
[SourceTitle "EXT 2013"]
[Source "ChessBase"]
[SourceDate "2012.11.22"]
[SourceVersion "1"]
[SourceVersionDate "2012.11.22"]
[SourceQuality "1"]
[WhiteTeam "Frankfurt BvK"]
[BlackTeam "Moerlenbach"]
[WhiteTeamCountry "GER"]
[BlackTeamCountry "GER"]

1. d4 c6 2. e4 d5 3. Nc3 dxe4 4. Nxe4 Bf5 5. Ng3 Bg6 6. f4 e6 7. Nf3 Nd7 8. c3 Ngf6 9. Bd3 Be7 10. f5 exf5 11. Nxf5 Bxf5 12. Bxf5 0-0 13. 0-0 c5 14. Kh1 Qc7 15. Bg5 Rad8 16. Qe1 Rfe8 17. Bxd7 Qxd7 18. dxc5 Bxc5 19. Ne5 Qd6 20. Bxf6 gxf6 21. Qg3+ Kf8 22. Qh4 fxe5 23. Qxh7 Qe6 24. Rae1 Rd7 25. Qh4 Qg6 26. Rxe5 Rxe5 27. Qh8+ Qg8 28. Qxe5 Be7 29. Qb8+ Rd8 30. Qxb7 Rd2 31. c4 Qg7 32. b4 1-0

[Event "Oberliga Ost-B 1011"]
[Site "Germany"]
[Date "2011.03.20"]
[Round "9.7"]
[White "Engel, Johannes"]
[Black "Gries, Volker"]
[Result "1/2-1/2"]
[WhiteElo "2206"]
[BlackElo "2168"]
[PlyCount "87"]
[EventDate "2010.10.24"]
[EventType "team-tourn"]
[EventRounds "11"]
[EventCountry "GER"]
[SourceTitle "EXT 2012"]
[Source "ChessBase"]
[SourceDate "2011.11.24"]
[SourceVersion "1"]
[SourceVersionDate "2011.11.24"]
[SourceQuality "1"]
[WhiteTeam "Frankfurt BvK"]
[BlackTeam "Oberursel"]
[WhiteTeamCountry "GER"]
[BlackTeamCountry "GER"]

1. c4 e5 2. Nc3 Nf6 3. e4 Bb4 4. d3 0-0 5. a3 Bxc3+ 6. bxc3 h6 7. g3 c6 8. Bg2 d5 9. cxd5 cxd5 10. Qc2 dxe4 11. dxe4 Nc6 12. Nf3 Be6 13. 0-0 Qc8 14. Be3 Bh3 15. Rfd1 Bxg2 16. Kxg2 Qg4 17. Nd2 Rac8 18. f3 Qe6 19. Qb3 Qxb3 20. Nxb3 Rfd8 21. Kf2 Ne8 22. Rxd8 Rxd8 23. Ke2 Nc7 24. a4 Na6 25. Rd1 Rxd1 26. Kxd1 Kf8 27. Kc2 Ke7 28. Nc5 Nxc5 29. Bxc5+ Ke8 30. Kb3 h5 31. Kc4 Kd7 32. Kb5 Kc7 33. Bf8 g6 34. Kc4 Kd7 35. Kd5 f6 36. h4 Na5 37. Bg7 Ke7 38. Bh6 Kd7 39. Be3 Nc6 40. f4 Ne7+ 41. Kc4 Nc6 42. Bc5 Ke6 43. Kb5 Kd7 44. Kc4 1/2-1/2

[Event "Oberliga Ost-B 1011"]
[Site "Germany"]
[Date "2010.12.12"]
[Round "4.8"]
[White "Engel, Johannes"]
[Black "Eilsberger, Dieter"]
[Result "1/2-1/2"]
[WhiteElo "2206"]
[BlackElo "2122"]
[PlyCount "97"]
[EventDate "2010.10.24"]
[EventType "team-tourn"]
[EventRounds "11"]
[EventCountry "GER"]
[SourceTitle "EXT 2012"]
[Source "ChessBase"]
[SourceDate "2011.11.24"]
[SourceVersion "1"]
[SourceVersionDate "2011.11.24"]
[SourceQuality "1"]
[WhiteTeam "Frankfurt BvK"]
[BlackTeam "Offenbach"]
[WhiteTeamCountry "GER"]
[BlackTeamCountry "GER"]

1. d4 Nf6 2. Nf3 g6 3. c4 Bg7 4. Nc3 0-0 5. e4 d6 6. Be2 Nbd7 7. 0-0 e5 8. h3 exd4 9. Nxd4 Nc5 10. Bf3 a5 11. Nb3 Ne6 12. Be3 Nd7 13. Qd2 Re8 14. Rad1 a4 15. Nd4 Ne5 16. Be2 Nxd4 17. Bxd4 Be6 18. f4 Nc6 19. Bxg7 Kxg7 20. f5 Bd7 21. f6+ Kh8 22. Qh6 Rg8 23. Nd5 Be6 24. Qg5 Bxd5 25. cxd5 Ne5 26. Rf4 Nd7 27. Rdf1 Qe8 28. Rh4 Nf8 29. Rc1 c5 30. e5 Qxe5 31. Qxe5 dxe5 32. Rxc5 Nd7 33. Rc7 Nxf6 34. Rxf7 Rgf8 35. Rxb7 Rab8 36. Rxb8 Rxb8 37. Rxa4 Rxb2 38. Bc4 Rd2 39. Ra6 Kg7 40. Re6 Rd4 41. Bb3 Nxd5 42. Rxe5 Nf4 43. Re7+ Kh6 44. Bg8 Rd2 45. Rxh7+ Kg5 46. a4 Rxg2+ 47. Kf1 Rg3 48. Bf7 Ra3 49. Be8 1/2-1/2

[Event "Oberliga Ost-B 1011"]
[Site "Germany"]
[Date "2010.11.13"]
[Round "2.8"]
[White "Engel, Johannes"]
[Black "Mueller Ludwig, Kristin"]
[Result "1/2-1/2"]
[WhiteElo "2206"]
[BlackElo "2111"]
[PlyCount "132"]
[EventDate "2010.10.24"]
[EventType "team-tourn"]
[EventRounds "11"]
[EventCountry "GER"]
[SourceTitle "EXT 2012"]
[Source "ChessBase"]
[SourceDate "2011.11.24"]
[SourceVersion "1"]
[SourceVersionDate "2011.11.24"]
[SourceQuality "1"]
[WhiteTeam "Frankfurt BvK"]
[BlackTeam "Erfurt Medizin"]
[WhiteTeamCountry "GER"]
[BlackTeamCountry "GER"]

1. d4 Nf6 2. Bg5 g6 3. Bxf6 exf6 4. Nf3 Bg7 5. Nc3 d6 6. e3 Nd7 7. g3 f5 8. Bg2 Nf6 9. 0-0 0-0 10. Ne2 h6 11. c4 c6 12. Nc3 Qe7 13. b4 Ne4 14. Qc2 Re8 15. Rac1 a5 16. b5 Nxc3 17. Qxc3 cxb5 18. cxb5 Be6 19. Nd2 Bxa2 20. b6 Be6 21. Qb2 Rec8 22. Rxc8+ Rxc8 23. Ra1 d5 24. Rxa5 Qd6 25. h4 Rc6 26. Rb5 Bf6 27. Qb3 Bd8 28. Bxd5 Rxb6 29. Rxb6 Qxb6 30. Qxb6 Bxb6 31. Bxb7 Kf8 32. Kf1 Ke7 33. Ke2 Kd6 34. Kd3 f6 35. Ba6 Ba5 36. Bb7 g5 37. Nb1 Be1 38. Ke2 Bb4 39. Nd2 Ba5 40. Ba6 Bb4 41. Bd3 Bc3 42. Nf3 Bc8 43. Bc4 Bb7 44. Nd2 Bc8 45. Nb3 Bb4 46. Nc1 Bb7 47. Nd3 Ba3 48. hxg5 hxg5 49. Ne1 Ke7 50. Nd3 Kd6 51. f3 Bc6 52. g4 fxg4 53. fxg4 Bb7 54. Nf2 Bb4 55. Bd3 Bc6 56. Be4 Bb5+ 57. Kf3 Bc3 58. Ba8 Ke7 59. Ne4 Bb4 60. Bb7 Ba4 61. Nf2 Bb5 62. Be4 Be1 63. Bf5 Bc3 64. Be4 Be1 65. Bb7 Bb4 66. Be4 Be1 1/2-1/2

[Event "Oberliga Ost-B 0809"]
[Site "Germany"]
[Date "2009.03.15"]
[Round "9.7"]
[White "Engel, Johannes"]
[Black "Michalowski, Peter"]
[Result "1-0"]
[WhiteElo "2195"]
[BlackElo "2032"]
[PlyCount "67"]
[EventDate "2008.10.26"]
[EventType "team-tourn"]
[EventRounds "11"]
[EventCountry "GER"]
[SourceTitle "EXT 2010"]
[Source "ChessBase"]
[SourceDate "2010.11.25"]
[SourceVersion "1"]
[SourceVersionDate "2010.11.25"]
[SourceQuality "1"]
[WhiteTeam "Frankfurt BvK"]
[BlackTeam "Erfurt Empor"]
[WhiteTeamCountry "GER"]
[BlackTeamCountry "GER"]

1. d4 Nf6 2. Bg5 e6 3. Nd2 h6 4. Bh4 d5 5. e3 Be7 6. Ngf3 0-0 7. Bd3 b6 8. c3 Re8 9. e4 dxe4 10. Nxe4 Bb7 11. Qe2 Nbd7 12. Bg3 Nxe4 13. Bxe4 Bxe4 14. Qxe4 Nf6 15. Qc6 Bd6 16. Ne5 Nh5 17. Qf3 Bxe5 18. Bxe5 Nf6 19. 0-0 Rc8 20. c4 c6 21. Rfe1 Nd7 22. Rad1 Qe7 23. Bf4 Qf6 24. Qg3 Kh7 25. Bd2 c5 26. Bc3 Qg6 27. Qf3 Nf6 28. Qb7 cxd4 29. Rxd4 Ra8 30. h3 Reb8 31. Qf3 Ne8 32. Rg4 Qh5 33. Qg3 g6 34. Rh4 1-0

[Event "Hessenliga 0708"]
[Site "Germany"]
[Date "2008.03.02"]
[Round "7.4"]
[White "Flach, Erich"]
[Black "Engel, Johannes"]
[Result "1-0"]
[WhiteElo "2143"]
[BlackElo "2195"]
[PlyCount "89"]
[EventDate "2007.09.30"]
[EventType "team"]
[EventRounds "9"]
[EventCountry "GER"]
[SourceTitle "EXT 2009"]
[Source "ChessBase"]
[SourceDate "2008.11.26"]
[SourceVersion "1"]
[SourceVersionDate "2008.11.26"]
[SourceQuality "1"]
[WhiteTeam "Bensheim"]
[BlackTeam "Frankfurt BvK II"]
[WhiteTeamCountry "GER"]
[BlackTeamCountry "GER"]

1. d4 Nf6 2. c4 g6 3. Nc3 d5 4. cxd5 Nxd5 5. e4 Nxc3 6. bxc3 Bg7 7. Nf3 c5 8. Bb5+ Nd7 9. 0-0 0-0 10. e5 a6 11. Bd3 Qa5 12. Bd2 Rd8 13. Qe2 Nf8 14. h3 Qc7 15. Be3 Be6 16. Ng5 cxd4 17. cxd4 Bd5 18. f4 Ne6 19. f5 Nxg5 20. Bxg5 Qd7 21. Rad1 b5 22. f6 exf6 23. Bxf6 Re8 24. Qf2 Qe6 25. Bb1 Rac8 26. Qh4 Rc3 27. Qg5 b4 28. Rf4 Bf8 29. Bf5 Qc6 30. Rh4 Rc2 31. Bxc2 Qxc2 32. Rd2 Qb1+ 33. Kh2 Qf5 34. Qxf5 gxf5 35. Rh5 h6 36. Rxf5 a5 37. Rf1 Rc8 38. Kg3 Rc3+ 39. Kf2 Ra3 40. Rc1 Kh7 41. Rc8 Bg7 42. Rc5 Bxa2 43. Bxg7 Kxg7 44. d5 Bb1 45. e6 1-0

[Event "Karl Mala Memorial op 09th"]
[Site "Frankfurt"]
[Date "2005.07.30"]
[Round "5"]
[White "Engel, Johannes"]
[Black "Orwatsch, Gerhard"]
[Result "0-1"]
[WhiteElo "2056"]
[BlackElo "2093"]
[PlyCount "104"]
[EventDate "2005.07.28"]
[EventType "swiss"]
[EventRounds "7"]
[EventCountry "GER"]
[SourceTitle "EXT 2006"]
[Source "ChessBase"]
[SourceDate "2005.11.24"]
[SourceVersion "1"]
[SourceVersionDate "2005.11.24"]
[SourceQuality "1"]

1. c4 e5 2. Nc3 Nc6 3. g3 Nf6 4. Bg2 Bc5 5. e3 0-0 6. Nge2 Re8 7. d3 d6 8. a3 a5 9. 0-0 Bg4 10. h3 Bd7 11. d4 Ba7 12. Nb5 Bb8 13. d5 Ne7 14. e4 Nc8 15. Be3 c6 16. Nbc3 Ne7 17. b4 cxd5 18. cxd5 Ba7 19. Qd3 Bxe3 20. Qxe3 b5 21. bxa5 Rxa5 22. Rfb1 Qc7 23. a4 Rea8 24. Nc1 bxa4 25. N1a2 Ne8 26. Rb4 Rb8 27. Rxb8 Qxb8 28. Rb1 Qa7 29. Qg5 f6 30. Qh5 Nc7 31. Bf1 Be8 32. Qg4 h5 33. Qd1 g6 34. Kg2 Kg7 35. Qc1 a3 36. Rb3 Qc5 37. Rb7 Ra7 38. Rb4 Na6 39. Rc4 Qa5 40. f3 Nc5 41. Rb4 Bd7 42. g4 hxg4 43. hxg4 g5 44. Qb1 Ng6 45. Rb6 Na4 46. Nxa4 Qd2+ 47. Kg3 Bxa4 48. Rxd6 Rc7 49. Rxf6 Nh4 50. Rf8 Bb3 51. Qxb3 Qe1+ 52. Kh2 Qf2+ 0-1